02043nam a2200253 a 4500001001000000003000900010005001700019007000300036008003200039020001800071040002500089082002600114100002400140245013400164260006300298300002100361500007100382500007400453505109300527650004301620650003701663700002801700710006101728000003565DO-SdBNP20230713104521.0ta090710s2007 dr 000 0 spa d a9789945427165 aDO-SdBNPbspacBPMSU 4aRD868bM385p 20072221 aMartínez, Vianco,10aPalabras ajenas :bescritores extranjeros de paso por Santo Domingo /cVianco Martínez ; edición a cargo de Basilio Belliard  aSanto Domingo :bSecretaría de Estado de Cultura,c2007. a237 p. ;c23 cm. aIncluye datos biográficos del autor en la solapa de la cubierta  aIncluye referencias bibliogràficas y notas al pie de las páginas0 aPresentación. Basilio Belliard, 13 -- Una conversación con la eternidad. Vianco Martínez, 15 -- El día que Pablo Escobar mando a matar a Laura Restrepo. Laura Restrepo, 17 -- Vengo del país en donde no hay poetas presos. Zoé Valdés, 31 -- La condición humana es casi perversa. Abel Posse, 57 -- La censura es como si te cortaran las manos. Federico Andahazi, 85 -- En la derrota no hay compañía Sergio Ramírez, 103 -- La globalización nos hará más analfabetos. Sergio Ramírez, 117 -- La verdadera inmortalidad es la de los poetas. Eliseo Alberto, 129 -- El teniente Mario Conde es una metáfora de la Cuba contemporánea. Leonardo Padura, 147 --El poder me contamino. Tomas Borges, 159 / Yo no creo en la literatura femenina. Ana María Matute, 171 -- Siempre he querido que mis obras tengan un sello de eternidad. Miguel Barnett, 175 -- Ni el periodismo ni la literatura deben tener obligaciones con el Estado. Mayra Montero, 197 -- Los colombiano tienen de Aureliano Buendía una rebeldía nacida del desamparo y la soledad. William Ospina, 215. 4aAutores hispanoamericanosxEntrevistas 4aLiteraturaxHistoria y crítica1 aBelliard, Basilio,eed.2 aSecretaria de Estado de Cultura (República Dominicana)